| 000 | 00750cam a2200301 4500 | ||
|---|---|---|---|
| 001 | ABS60938 | ||
| 008 | 000000n1999 000 0 eng u | ||
| 035 | _a(Sirsi) u101483 | ||
| 245 | _aRegional survey: Yorkshire industrial and retail. | ||
| 260 | _c1999 | ||
| 490 |
_aProperty Week _v64(29) 23 July 1999, 41-52(8) |
||
| 650 | _aYORKSHIRE | ||
| 650 | _aLEEDS | ||
| 650 | _aYORK | ||
| 650 | _aWAKEFIELD | ||
| 650 | _aCASTLEFORD | ||
| 650 | _aROTHERHAM | ||
| 650 | _aSCUNTHORPE | ||
| 650 | _aHULL | ||
| 650 | _aDINNINGTON | ||
| 650 | _aSCARBOROUGH | ||
| 650 | _aMALTON | ||
| 650 | _aGRIMSBY | ||
| 650 | _aBRIDLINGTON | ||
| 650 | _aBARNSLEY | ||
| 650 | _aPROPERTY-COMMERCIAL PROPERTY-COMMERCIAL PROPERTY MARKET | ||
| 942 | _n0 | ||
| 999 |
_c60616 _d60616 |
||